00735nam a22002297a 450000500170000001000130001702000230003003500130005303700160006604000120008208200210009410000260011524500460014126000330018727000360022030000250025665000220028165000160030394200300031999900190034995201370036820170124110214.0 aA-710347 c125.00a8185326169 aA-710347 bCen Lib/Ret aDPLbEN a394.2682923bMUK aMukerji, A. C.938799 aHindu fasts and feasts /cby A.C.Mukherji aGurgaonbVintage Booksc1918 a557, Sector-14bHaryanae122001 aiii,221p. c21cm(Hb) aHinduismus938800 aFest938801 2ddccENh394.2682923mMUK c133745d133745 001040718REFaLbLd2015-07-27eCen Lib/Retg125.00l0o394.2682923 MUKpA-710347r2015-07-27 00:00:00t1v125.00w2016-09-15yEN